Sir John Woodroffe & Syed Amir Ali’s Law of evidence / (Record no. 171655)

MARC details
000 -LEADER
fixed length control field 01193nam a22002657a 4500
005 - DATE AND TIME OF LATEST TRANSACTION
control field 20220311110022.0
010 ## - LCCN (DPL NO)
LC control number ENG-127435-38
020 ## - INTERNATIONAL STANDARD BOOK NUMBER
Terms of availability 9495.00 (set of 4 vols.)
International Standard Book Number 9789388548793 (4-vols.)
035 ## - SYSTEM CONTROL NUMBER
System control number EN-110967-970
037 ## - SOURCE OF ACQUISITION
Source of stock number/acquisition DBAD/PUB
082 ## - DEWEY DECIMAL CLASSIFICATION NUMBER
Classification number 347.5406
100 ## - MAIN ENTRY--PERSONAL NAME
Personal name Woodroffe, John George
245 ## - TITLE STATEMENT
Title Sir John Woodroffe & Syed Amir Ali’s Law of evidence /
Statement of responsibility, etc by John Woodroffe [and] Syed Amir Ali
246 ## - VARYING FORM OF TITLE
Title proper/short title Sir John Woodroffe and Syed Amir Ali’s Law of evidence
246 ## - VARYING FORM OF TITLE
Title proper/short title Law of evidence
250 ## - EDITION STATEMENT
Edition statement 21th ed.
260 ## - PUBLICATION, DISTRIBUTION, ETC. (IMPRINT)
Place of publication, distribution, etc Gurgaon
Name of publisher, distributor, etc Lexis Nexis
Date of publication, distribution, etc 2020
270 ## - ADDRESS
Address 14th Floor, Building No. 10, Tower-B, DLF Cyber City, Phase-II,
City Gurgaon
Postal code 122002
300 ## - PHYSICAL DESCRIPTION
Extent 4-vols.(ccIviii,1247,12p.; cci,1249-2584,19p.;ccxcv,2585-3834,14p.;ccxxix,3835-4937,12p.)
Dimensions 25cm(Hb)
500 ## - GENERAL NOTE
General note VOLUME 1 TO 4
505 ## - FORMATTED CONTENTS NOTE
Formatted contents note vol-1-the Indian Evidence Act,1872 Secs.-1to24--vol-2-the Indian Evidence Act,1872 secs 25to 90A---vol-3-the Indian Evidence Act,1872 secs 91 to 114A---vol-4-the Indian Evidence Act,1872 secs 115toend and Appendices.
700 ## - ADDED ENTRY--PERSONAL NAME
Personal name Ali, Syed Ameer,
700 ## - ADDED ENTRY--PERSONAL NAME
Personal name Khan,Shakil Ahmad
942 ## - ADDED ENTRY ELEMENTS (KOHA)
Source of classification or shelving scheme Dewey Decimal Classification
Item type English Books
Call number suffix WOO
Classification part 347.5406
Holdings
Withdrawn status Lost status Materials specified (bound volume or other part) Not for loan Collection code Home library Current library Date acquired Source of acquisition Cost, normal purchase price Full call number Barcode Copy number Cost, replacement price Koha item type
    v1 Not For Loan Reference Central Library Central Library 17/01/2020 DBAD/PUB 2374.00 347.5406 WOO EN-110967 1 2374.00 English Books
    v2 Not For Loan Reference Central Library Central Library 17/01/2020 DBAD/PUB 2374.00 347.5406 WOO EN-110968 1 2374.00 English Books
    v3 Not For Loan Reference Central Library Central Library 17/01/2020 DBAD/PUB 2374.00 347.5406 WOO EN-110969 1 2374.00 English Books
    v4 Not For Loan Reference Central Library Central Library 17/01/2020 DBAD/PUB 2374.00 347.5406 WOO EN-110970 1 2374.00 English Books

© Delhi Public Library
Hit Counter
free hit counter